00382pab a2200145 454500008004000000100002200040245003100062260000900093300001300102362000900115650002600124650002500150700002800175773003300203180718b2011 xxu||||| |||| 00| 0 eng d aDelmas, Magali A. aThe drivers of greewashing c2011 ap.64-87. aFall aSocial responcibility aEnvironmental policy aBurbano, Vanessa Cuerel aCalifornia Management Review